Desarrollo socioafectivo.

Saved in:
Bibliographic Details
Main Author: Ocaña Villuendas, Laura (autora)
Other Authors: Martín Rodríguez, Nuria (autora)
Format: Unknown
Language:English
Published: Madrid, España: Paraninfo, 2011.
Edition:1a. edición.
Series:Servicios socioculturales y a la comunidad.
Subjects:
Tags: Add Tag
No Tags, Be the first to tag this record!

MARC

LEADER 00000 a2200000 4500
003 CL-VaPUC
005 20230915100632.0
008 220907t2011 ||||| |||| 00| 0 eng d
999 |c 435074  |d 435072 
020 |a 978-84-9732-823-4 
040 |c Pontificia Universidad Católica de Valparaíso 
082 |2 22  |a 370.15 OCA 2011 
100 |a Ocaña Villuendas, Laura  |9 876346  |e autora 
245 |a Desarrollo socioafectivo.  
250 |a 1a. edición.  
260 |a Madrid, España:   |b Paraninfo,   |c 2011. 
300 |a 229 páginas :  |b  ilustraciones.  
490 |a  Servicios socioculturales y a la comunidad.  
583 |k Catalogador Asistente  |c 20220907 
650 0 |9 387723  |a Educación infantil  |x Niños   |x 0-6 años  
650 0 |9 308064  |a Desarrollo infantil  |v Prácticas educativas  |x Social y afectivo  
650 0 |9 869538  |a Habilidades sociales y afectivas  |x Estudio y enseñanza  |x Preescolares 
700 |9 876347  |a Martín Rodríguez, Nuria   |e autora 
942 |2 ddc  |c BK 
952 |0 0  |1 0  |2 ddc  |4 0  |6 370_150000000000000_OCA_2011  |7 0  |8 A  |9 586487  |a BIBEDU  |b BIBEDU  |c GEN  |d 2022-08-29  |e 3  |g 22543.00  |i 5654301  |l 2  |m 2  |o 370.15 OCA 2011  |p 5654301  |r 2024-04-30  |s 2024-04-05  |t 1  |v 22543.00  |w 2022-08-29  |y BK  |k PAR 
952 |0 0  |1 0  |2 ddc  |4 0  |6 370_150000000000000_OCA_2011  |7 0  |8 A  |9 591580  |a BIBEDU  |b BIBEDU  |c GEN  |d 2023-09-15  |e 3  |g 25028.00  |i 5658718  |o 370.15 OCA 2011  |p 5658718  |r 2023-09-15  |t 2  |v 25028.00  |w 2023-09-15  |y BK  |k PAR